| 000 | 00369nam a2200133Ia 4500 | ||
|---|---|---|---|
| 003 | GCL | ||
| 008 | 140319s9999 xx 000 0 eng d | ||
| 040 |
_aGCL / _cGCL |
||
| 082 | 0 | 4 |
_a809.12 _bR Z |
| 245 | 1 | 0 | _aSTUDIES IN MODERN DRAMA: ANTONIN ARTAUD'S THEATRE |
| 260 |
_a[S.N] : _bBEIRUT ARAB UNIVERSITY ، _c1975 |
||
| 300 | _a210 P | ||
| 490 |
_aBEIRUT ARAB UNIVERSITY _v0 |
||
| 999 |
_c19704 _d19704 |
||